000 00519nam a2200181Ia 4500
008 090123s9999 xx 000 0 und d
082 _b40799
100 _aपोरे सुरेश
245 _aउमलती फुले
250 _a1
260 _bमेघना प्रकाशन
_c2007
300 _a205
600 _aपोरे सुरेश
630 _aउमलती फुले
700 _aपोरे सुरेश
730 _aउमलती फुले
942 _cBOOK
999 _c78874
_d78874